Famous Cartoon Crustaceans Quiz Stats

 Plays Quiz not verified by Sporcle

Score 0/9 Timer 03:00
0 Plays Today
% Correct
Eugene 'Armor Abs' Krabs (SpongeBob SquarePants)
90.1%
Sebastian (The Little Mermaid)
54.9%
Larry the Lobster (SpongeBob SquarePants)
46.4%
Dr. Zoidberg (Futurama)
30%
Krabby (Pokemon)
30%
Jacques (Finding Nemo)
24.9%
Kabuto (Pokemon)
18.5%
Crazy Joe (Shark Tale)
10.7%
Citizen Snips (Futurama)
5.2%

You're not logged in!

Compare scores with friends on all Sporcle quizzes.
OR
Log In

Sporcle TV

Today on Sporcle TV


Watch our educational content, quiz creation guides, and fun videos on Sporcle TV.

Show Comments

Extras

Top Quizzes Today


Score Distribution

Your Account Isn't Verified!

In order to create a playlist on Sporcle, you need to verify the email address you used during registration. Go to your Sporcle Settings to finish the process.

Report this User

Report this user for behavior that violates our Community Guidelines.

Details: